Statistics for The Tallest Buildings in New York Quiz

Click here to take the quiz!

General Stats

  • This quiz has been taken 271 times
    (251 since last reset)
  • The average score is 4 of 20

Answer Stats

RankSkyscrapers% Correct
1Empire State Building
99%
3Chrysler Building
76%
6The Trump Building
41%
2Bank of America Tower
30%
14MetLife Building
26%
16Woolworth Building
24%
4New York Times Building
20%
10GE Building
17%
7Citigroup Center
15%
13Condé Nast Building
9%
5American International Building
7%
9Trump World Tower
6%
88 Spruce Street
5%
11CitySpire Center
5%
15Bloomberg Tower
4%
20AXA Center
3%
18Carnegie Hall Tower
3%
12One Chase Manhattan Plaza
3%
17One Worldwide Plaza
3%
19383 Madison Avenue
2%

Score Distribution

Percentile by Number Answered

Percent of People with Each Score

Your Score History

You have not taken this quiz since the last reset